effact of methionine supplementation toconcetrated feed on growth perfoemance of fattening pigs (60-100kg) ឥទ្ធិពលនៃការបន្ថៃម METHIONINE នៅក្នុងចំណីសម្រេចលើការលូតលាស់របស់ជ្រូកសាច់ទម្ងន់ពី៦០ទៅ១០០គីឡូក្រោម (Record no. 18258)

000 -LEADER
fixed length control field 00660nam a22001337a 4500
040 ## - CATALOGING SOURCE
Transcribing agency RUA
082 ## - DEWEY DECIMAL CLASSIFICATION NUMBER
Classification number ANS THA 2018 B648 Or.1
100 ## - MAIN ENTRY--AUTHOR NAME
Personal name THAI NGY ថៃ ងី
245 ## - TITLE STATEMENT
Title effact of methionine supplementation toconcetrated feed on growth perfoemance of fattening pigs (60-100kg) ឥទ្ធិពលនៃការបន្ថៃម METHIONINE នៅក្នុងចំណីសម្រេចលើការលូតលាស់របស់ជ្រូកសាច់ទម្ងន់ពី៦០ទៅ១០០គីឡូក្រោម
260 ## - PUBLICATION, DISTRIBUTION, ETC. (IMPRINT)
Place of publication RUA
Name of publisher Phnom penh
Year of publication 2018
300 ## - PHYSICAL DESCRIPTION
Number of Pages xi;40p
Other physical details ill;
Dimensions 29cm
856 ## - ELECTRONIC LOCATION AND ACCESS
Uniform Resource Identifier THAI NGY
942 ## - ADDED ENTRY ELEMENTS (KOHA)
Koha item type ANS
952 ## - LOCATION AND ITEM INFORMATION (KOHA)
Withdrawn status [LOCAL, KOHA] 0
952 ## - LOCATION AND ITEM INFORMATION (KOHA)
Withdrawn status [LOCAL, KOHA] 0
952 ## - LOCATION AND ITEM INFORMATION (KOHA)
Withdrawn status [LOCAL, KOHA] 0
952 ## - LOCATION AND ITEM INFORMATION (KOHA)
Withdrawn status [LOCAL, KOHA] 0
952 ## - LOCATION AND ITEM INFORMATION (KOHA)
Withdrawn status [LOCAL, KOHA] 0
952 ## - LOCATION AND ITEM INFORMATION (KOHA)
Withdrawn status [LOCAL, KOHA] 0
Holdings
Permanent Location Date acquired Koha item type Lost status Shelving location Barcode Current Location Full call number
Library Block B2019-10-02ANS B648A42421Library Block BANS THA 2018 B648 Or.1
Library Block B2019-10-02ANS B648A42927Library Block BANS THA 2018 B648 Or.2
Library Block B2019-10-02ANS B648A43773Library Block BANS THA 2018 B648 Or.3
Library Block B2019-10-02ANS B648A42310Library Block BANS THA 2018 B648 Or.4
Library Block B2019-10-02ANS B648A42281Library Block BANS THA 2018 B648 Or.5
Library Block B2019-10-02ANS B648A44099Library Block BANS THA 2018 B648 Or.6
មជ្ឈមណ្ឌលឯការនៃសាកលវិទ្យាល័យភូមិន្ទកសិកម្មចំការដូង

Powered by Koha